Laurence Olivier Award for Best Actor - Statistics

General Stats
  • This quiz has been taken 12 times
  • The average score is 7 of 30
Answer Stats
Year Actor % Correct
2003 Simon Russell Beale
89%
1996 Alex Jennings
78%
2010 Mark Rylance
67%
1994 Mark Rylance
67%
1987 Michael Gambon
67%
2005 Richard Griffiths
67%
2014 Rory Kinnear
67%
2012 Benedict Cumberbatch
44%
1998 Ian Holm
33%
1999 Kevin Spacey
33%
1986 Albert Finney
22%
2009 Derek Jacobi
22%
1995 David Bamber
11%
1991 Ian McKellen
11%
2004 Matthew Kelly
11%
1992 Nigel Hawthorne
11%
2011 Roger Allam
11%
2002 Roger Allam
11%
1997 Antony Sher
0%
1985 Antony Sher
0%
2006 Brian Dennehy
0%
2008 Chiwetel Ejiofor
0%
2001 Conleth Hill
0%
2000 Henry Goodman
0%
2016 Kenneth Cranham
0%
2013 Luke Treadaway
0%
2015 Mark Strong
0%
1990 Oliver Ford Davies
0%
1993 Robert Stephens
0%
2007 Rufus Sewell
0%
No matching quizzes found
Score Distribution
Percent of People with Each Score
Percentile by Number Answered
Your Score History
You have not taken this quiz